Ročenka EBF UK akademický rok ...

Bibliographic Details
Previous Title:Študijný program
Corporate Author: Univerzita Komenského v Bratislave. Evanjelická bohoslovecká fakulta
Format: Serial
Language:Slovak
PhysicalDescription:zv. fotogr., tab. 21 cm
Published: Bratislava Univerzita Komenského 2005-
ISBN:8022320919 (brož. : r. 2005/2006)
8022322229 (brož. : r. 2006/2007)
9788022323451 (brož. : r. 2007/2008)
9788022330565 (brož. : r. 2011/2012)
9788022332491 (brož. : r. 2012/2013)
9788022398875 (brož. : r. 2015/2016)
9788022336406 (brož. : r. 2014/2015)
9788022334242 (brož. : r. 2013/2014)
9788022326827 (brož. : r. 2009/2010)
9788022325110 (brož. : r. 2008/2009)
9788022328746 (brož. : r. 2010/2011)
9788022341288 (brož. : r. 2016/2017)
9788022343381 (brož. : r. 2017/2018)
9788022345309 (brož. : r. 2018/2019)
9788022347433 (brož. : r. 2019/2020)
9788022349581 (brož. : r. 2020/2021)
9788022351751 (brož. : r. 2021/2022)
9788022360708 (brož. : r. 2025/2026)
Subjects:

MARC

LEADER 00000cas a2200000 a 4500
001 vtls008307045
003 SK-MaSNL
005 20260425194002.0
008 051103c20059999xo ar 0 b0slo
015 |a SNBB2013-(r. 2011/2012, r. 2012/2013)  |a SNBB2016 (r. 2008/2009, r. 2009/2010, r. 2010/2011, r. 2013/2014, r. 2014/2015, r. 2015/2016 
020 |a 8022320919 (brož. : r. 2005/2006) 
020 |a 8022322229 (brož. : r. 2006/2007) 
020 |a 9788022323451 (brož. : r. 2007/2008) 
020 |a 9788022330565 (brož. : r. 2011/2012) 
020 |a 9788022332491 (brož. : r. 2012/2013) 
020 |a 9788022398875 (brož. : r. 2015/2016) 
020 |a 9788022336406 (brož. : r. 2014/2015) 
020 |a 9788022334242 (brož. : r. 2013/2014) 
020 |a 9788022326827 (brož. : r. 2009/2010) 
020 |a 9788022325110 (brož. : r. 2008/2009) 
020 |a 9788022328746 (brož. : r. 2010/2011) 
020 |a 9788022341288 (brož. : r. 2016/2017) 
020 |a 9788022343381 (brož. : r. 2017/2018) 
020 |a 9788022345309 (brož. : r. 2018/2019) 
020 |a 9788022347433 (brož. : r. 2019/2020) 
020 |a 9788022349581 (brož. : r. 2020/2021) 
020 |a 9788022351751 (brož. : r. 2021/2022) 
020 |a 9788022360708 (brož. : r. 2025/2026) 
040 |a SNK  |b slo  |c SNK  |e AACR2 
041 0 |a slo 
043 |a e-xo--- 
044 |a xo  |c SK 
072 7 |a 378  |x Vysoké školy  |2 konspekt 
080 |a 378.4  |2 2011 
080 |a 274.5-1  |2 2011 
080 |a 37.091.3  |2 2011 
080 |a (437.6)  |2 2011 
080 |a (036)  |2 2011 
080 |a (073)  |2 2011 
080 |a (058)  |2 2011 
110 2 |a Univerzita Komenského v Bratislave.  |b Evanjelická bohoslovecká fakulta  |9 224082 
245 1 0 |a Ročenka EBF UK  |b akademický rok ...  |c Univerzita Komenského v Bratislave, Evanjelická bohoslovecká fakulta 
246 1 |i Názov v tiráži:  |a Študijný program 
260 |a Bratislava  |b Univerzita Komenského  |c 2005- 
300 |a zv.  |b fotogr., tab.  |c 21 cm 
310 |a 1x ročne 
362 0 |a R. 2005/2006- 
500 |a Súčasťou podnázvu je označenie akademického roku 
504 |a Poznámky ; zoznamy 
650 0 7 |a univerzity  |2 SNKPH  |9 22152 
650 0 7 |a evanjelická teológia  |2 SNKPH  |9 4016 
650 0 7 |a štúdium a výučba  |2 SNKPH  |9 3982 
650 0 7 |a Universities  |2 SNKPHeng  |9 265407 
650 0 7 |a Study and teaching  |2 SNKPHeng  |9 265408 
650 0 7 |a Evangelical theology  |2 SNKPHeng  |9 265423 
651 7 |a Bratislava (Slovensko)  |2 SNKPH  |9 14568 
651 7 |a Bratislava (Slovakia)  |2 SNKPHeng  |9 171234 
655 7 |a informačné publikácie  |2 SNKPH  |9 70181 
655 7 |a študijné programy  |2 SNKPH  |9 265409 
655 7 |a Information publications  |2 SNKPHeng  |9 265188 
655 7 |a Educational programs  |2 SNKPHeng  |9 265410 
655 7 |a Yearbooks  |2 SNKPHeng  |9 120938 
655 7 |a ročenky  |2 SNKPH  |9 57146 
780 0 0 |t Študijný program  |w vtls001470862 
910 |a snk 
919 |a 80-223-2091-9 
919 |a 80-223-2222-9 
919 |a 978-80-223-2345-1 
919 |a 978-80-223-3056-5 
919 |a 978-80-223-3249-1 
919 |a 978-80-223-2511-0 
919 |a 978-80-223-2682-7 
919 |a 978-80-223-2874-6 
919 |a 978-80-223-4128-8 
919 |a 978-80-223-4338-1 
919 |a 978-80-223-4530-9 
919 |a 978-80-223-4743-3 
919 |a 978-80-223-4958-1 
919 |a 978-80-223-5175-1 
919 |a 978-80-223-6070-8 
999 |c 704  |d 704 
952 |a SNK  |b SNK  |y PREZ  |7 0  |p 17A0477446  |o snkČSD 1784/2005-2006  |i snk2005/18427  |8 0  |0 0  |1 0  |4 0  |d 2005-11-03  |l 0  |r 2026-02-21 19:30:23  |w 2026-02-21 
952 |a SNK  |b SNK  |y PREZ  |7 0  |p 17A0477447  |o snkČSD 1784/2005-2006 D1  |i snk2005/18429  |8 0  |0 0  |1 0  |4 0  |d 2005-11-03  |l 0  |r 2026-02-21 19:30:23  |w 2026-02-21 
952 |a SNK  |b SNK  |y PREZ  |7 0  |p 17A1433266  |o snkČSD 1784/2020-2021  |i snk2021/5595  |8 0  |0 0  |1 0  |4 0  |d 2021-05-25  |l 0  |r 2026-02-21 19:52:56  |w 2026-02-21 
952 |a SNK  |b SNK  |y PREZ  |7 0  |p 17A1433267  |o snkČSD 1784/2020-2021 D1  |i snk2021/5597  |8 0  |0 0  |1 0  |4 0  |d 2021-05-25  |l 0  |r 2026-02-21 19:52:56  |w 2026-02-21 
952 |a SNK  |b SNK  |y PREZ  |7 0  |p 17A1558131  |o snkČSD 1784/2025-2026  |i snk2025/17467  |8 0  |0 0  |1 0  |4 0  |d 2025-10-30  |l 0  |r 2026-02-21 20:01:58  |w 2026-02-21 
952 |a SNK  |b SNK  |y PREZ  |7 0  |p 17A1462720  |o snkČSD 1784/2021-2022  |i snk2022/5908  |8 0  |0 0  |1 0  |4 0  |d 2022-04-21  |l 0  |r 2026-02-21 20:02:25  |w 2026-02-21 
952 |a SNK  |b SNK  |y PREZ  |7 0  |p 17A0502858  |o snkČSD 1784/2006-2007  |i snk2006/19897  |8 0  |0 0  |1 0  |4 0  |d 2006-10-04  |l 0  |r 2026-02-21 20:04:25  |w 2026-02-21 
952 |a SNK  |b SNK  |y PREZ  |7 0  |p 17A0502859  |o snkČSD 1784/2006-2007 D1  |i snk2006/19898  |8 0  |0 0  |1 0  |4 0  |d 2006-10-04  |l 0  |r 2026-02-21 20:07:20  |w 2026-02-21 
952 |a SNK  |b SNK  |y PREZ  |7 0  |p 17A1383352  |o snkČSD 1784/2019-2020  |i snk2019/31797  |8 0  |0 0  |1 0  |4 0  |d 2019-12-11  |l 0  |r 2026-02-21 21:11:37  |w 2026-02-21 
952 |a SNK  |b SNK  |y PREZ  |7 0  |p 17A0563078  |o snkČSD 1784/2007-2008  |i snk2007/23038  |8 0  |0 0  |1 0  |4 0  |d 2007-10-25  |l 0  |r 2026-02-21 21:22:43  |w 2026-02-21 
952 |a SNK  |b SNK  |y PREZ  |7 0  |p 17A0563079  |o snkČSD 1784/2007-2008 D1  |i snk2007/23039  |8 0  |0 0  |1 0  |4 0  |d 2007-10-25  |l 0  |r 2026-02-21 21:22:43  |w 2026-02-21 
952 |a SNK  |b SNK  |y PREZ  |7 0  |p 17A0866625  |o snkČSD 1784/2011-2012  |i snk2013/1932  |8 0  |0 0  |1 0  |4 0  |d 2013-01-25  |l 0  |r 2026-02-21 21:30:42  |w 2026-02-21 
952 |a SNK  |b SNK  |y PREZ  |7 0  |p 17A0866626  |o snkČSD 1784/2011-2012 D1  |i snk2013/1933  |8 0  |0 0  |1 0  |4 0  |d 2013-01-25  |l 0  |r 2026-02-21 21:30:43  |w 2026-02-21 
952 |a SNK  |b SNK  |y PREZ  |7 0  |p 17A0866627  |o snkČSD 1784/2012-2013  |i snk2013/1934  |8 0  |0 0  |1 0  |4 0  |d 2013-01-25  |l 0  |r 2026-02-21 21:30:43  |w 2026-02-21 
952 |a SNK  |b SNK  |y PREZ  |7 0  |p 17A0866628  |o snkČSD 1784/2012-2013 D1  |i snk2013/1935  |8 0  |0 0  |1 0  |4 0  |d 2013-01-25  |l 0  |r 2026-02-21 21:30:43  |w 2026-02-21 
952 |a SNK  |b SNK  |y PREZ  |7 0  |p 17A1202743  |o snkČSD 1784/2008-2009  |i snk2016/19996  |8 0  |0 0  |1 0  |4 0  |d 2016-08-24  |l 0  |r 2026-02-21 22:02:56  |w 2026-02-21 
952 |a SNK  |b SNK  |y PREZ  |7 0  |p 17A1202744  |o snkČSD 1784/2008-2009 D1  |i snk2016/19997  |8 0  |0 0  |1 0  |4 0  |d 2016-08-24  |l 0  |r 2026-02-21 22:02:56  |w 2026-02-21 
952 |a SNK  |b SNK  |y PREZ  |7 0  |p 17A1202745  |o snkČSD 1784/2009-2010  |i snk2016/19998  |8 0  |0 0  |1 0  |4 0  |d 2016-08-24  |l 0  |r 2026-02-21 22:02:57  |w 2026-02-21 
952 |a SNK  |b SNK  |y PREZ  |7 0  |p 17A1202746  |o snkČSD 1784/2009-2010 D1  |i snk2016/19999  |8 0  |0 0  |1 0  |4 0  |d 2016-08-24  |l 0  |r 2026-02-21 22:02:57  |w 2026-02-21 
952 |a SNK  |b SNK  |y PREZ  |7 0  |p 17A1202747  |o snkČSD 1784/2013-2014  |i snk2016/20000  |8 0  |0 0  |1 0  |4 0  |d 2016-08-24  |l 0  |r 2026-02-21 22:02:57  |w 2026-02-21 
952 |a SNK  |b SNK  |y PREZ  |7 0  |p 17A1202748  |o snkČSD 1784/2013-2014 D1  |i snk2016/20001  |8 0  |0 0  |1 0  |4 0  |d 2016-08-24  |l 0  |r 2026-02-21 22:02:57  |w 2026-02-21 
952 |a SNK  |b SNK  |y PREZ  |7 0  |p 17A1202749  |o snkČSD 1784/2014-2015  |i snk2016/20002  |8 0  |0 0  |1 0  |4 0  |d 2016-08-24  |l 0  |r 2026-02-21 22:02:57  |w 2026-02-21 
952 |a SNK  |b SNK  |y PREZ  |7 0  |p 17A1202750  |o snkČSD 1784/2014-2015 D1  |i snk2016/20003  |8 0  |0 0  |1 0  |4 0  |d 2016-08-24  |l 0  |r 2026-02-21 22:02:57  |w 2026-02-21 
952 |a SNK  |b SNK  |y PREZ  |7 0  |p 17A1202751  |o snkČSD 1784/2015-2016  |i snk2016/20004  |8 0  |0 0  |1 0  |4 0  |d 2016-08-24  |l 0  |r 2026-02-21 22:02:57  |w 2026-02-21 
952 |a SNK  |b SNK  |y PREZ  |7 0  |p 17A1202752  |o snkČSD 1784/2015-2016 D1  |i snk2016/20005  |8 0  |0 0  |1 0  |4 0  |d 2016-08-24  |l 0  |r 2026-02-21 22:02:57  |w 2026-02-21 
952 |a SNK  |b SNK  |y PREZ  |7 0  |p 17A1202804  |o snkČSD 1784/2010-2011  |i snk2016/20763  |8 0  |0 0  |1 0  |4 0  |d 2016-09-07  |l 0  |r 2026-02-21 22:03:35  |w 2026-02-21 
952 |a SNK  |b SNK  |y PREZ  |7 0  |p 17A1202805  |o snkČSD 1784/2010-2011 D1  |i snk2016/20764  |8 0  |0 0  |1 0  |4 0  |d 2016-09-07  |l 0  |r 2026-02-21 22:03:35  |w 2026-02-21 
952 |a SNK  |b SNK  |y PREZ  |7 0  |p 17A1264160  |o snkČSD 1784/2017-2018  |i snk2017/23125  |8 0  |0 0  |1 0  |4 0  |d 2017-10-20  |l 0  |r 2026-02-21 22:04:51  |w 2026-02-21 
952 |a SNK  |b SNK  |y PREZ  |7 0  |p 17A1264161  |o snkČSD 1784/2017-2018 D1  |i snk2017/23127  |8 0  |0 0  |1 0  |4 0  |d 2017-10-20  |l 0  |r 2026-02-21 22:04:51  |w 2026-02-21 
952 |a SNK  |b SNK  |y PREZ  |7 0  |p 17A1383361  |o snkČSD 1784/2019-2020 D1  |i snk2019/31911  |8 0  |0 0  |1 0  |4 0  |d 2019-12-12  |l 0  |r 2026-02-21 22:15:32  |w 2026-02-21 
952 |a SNK  |b SNK  |y PREZ  |7 0  |p 17A1203779  |o snkČSD 1784/2016-2017  |i snk2016/26412  |8 0  |0 0  |1 0  |4 0  |d 2016-11-10  |l 0  |r 2026-02-21 22:17:31  |w 2026-02-21 
952 |a SNK  |b SNK  |y PREZ  |7 0  |p 17A1203778  |o snkČSD 1784/2016-2017 D1  |i snk2016/26414  |8 0  |0 0  |1 0  |4 0  |d 2016-11-10  |l 0  |r 2026-02-21 22:17:31  |w 2026-02-21 
952 |a SNK  |b SNK  |y PREZ  |7 0  |p 17A1343041  |o snkČSD 1784/2018-2019  |i snk2019/3118  |8 0  |0 0  |1 0  |4 0  |d 2019-02-04  |l 0  |r 2026-02-21 22:28:07  |w 2026-02-21 
952 |a SNK  |b SNK  |y PREZ  |7 0  |p 17A1343042  |o snkČSD 1784/2018-2019 D1  |i snk2019/3121  |8 0  |0 0  |1 0  |4 0  |d 2019-02-04  |l 0  |r 2026-02-21 22:28:07  |w 2026-02-21